Statistics for While My Guitar Gently Weeps Lyrics - The Beatles

Click here to take the quiz!

General Stats

  • This quiz has been taken 311 times
  • The average score is 123 of 155

Answer Stats

Lyrics% Correct
we
100%
gently
99%
guitar
99%
I
99%
my
99%
weeps
99%
why
99%
While
96%
You
95%
you
95%
look
93%
Look
93%
at
92%
know
92%
the
92%
and
91%
don't
91%
No
91%
see
90%
it
88%
How
87%
how
87%
love
86%
to
86%
all
82%
all,
82%
Still
78%
were
77%
it's
76%
your
76%
world,
75%
needs
74%
sleeping
74%
told
74%
turning
74%
sweeping
72%
that's
72%
floor,
71%
there
71%
nobody
69%
notice
66%
be
64%
one
64%
They
64%
too
62%
unfold
61%
perverted
60%
sold
57%
alerted
55%
bought
55%
every
55%
learning
54%
diverted
53%
oh
53%
oh,
53%
Oh,
53%
someone
52%
mistake,
51%
must
51%
controlled
50%
surely
50%
With
50%
inverted
47%
Yeah,
44%
yeah,
44%
yeah
44%
ooh
18%

Score Distribution

Percentile by Number Answered

Percent of People with Each Score

Your Score History

You have not taken this quiz